000 00612nam a2200193Ia 4500
003 GCL
008 140319s9999 xx 000 0 ara d
040 _aGCL /
_cGCL
082 0 4 _aط
_b371.352
_bع ف
100 1 _aوحدة ثقافة الطفل بشركة سفير
245 1 0 _aاستراحة الاذكياء /
_cوحدة ثقافة الطفل بشركة سفير
260 _a[S.N] :
_bسفير
300 _a32 ص
490 _aسلسلة الالعاب والتسالى
_v0
650 0 4 _aالاطفال
650 0 4 _aالتسالى
650 0 4 _aالالعاب التعليمية
942 _2ddc
_cBK
999 _c57532
_d57532